| 000 | 00360nam a2200145Ia 4500 | ||
|---|---|---|---|
| 008 | 230917s9999||||xx |||||||||||||| ||und|| | ||
| 040 |
_e149454 _aMAIN |
||
| 041 | _aEnglish | ||
| 082 | _a657.48 M613I | ||
| 100 | _aMiller, Elwood C | ||
| 245 | 0 | _aInflation accounting | |
| 260 |
_aNew York _bVan nostrand reinhold _c1980 |
||
| 300 | _a230p. p. | ||
| 942 | _cBK | ||
| 999 |
_c213315 _d213315 |
||